Trade show and event marketing.
| Main Author: | |
|---|---|
| Format: | Book |
| Published: |
Mason, Ohio:
Thomson,
2005.
|
| Subjects: |
| LEADER | 00498cam a2200157 7i4500 | ||
|---|---|---|---|
| 001 | 0000024256 | ||
| 005 | 20100309090000.0 | ||
| 020 | 0 | 0 | |a 0-324-20624-0 |
| 090 | 0 | 0 | |a B 659.152 |b STE |
| 100 | 1 | 0 | |a Stevens |
| 245 | 1 | 0 | |a Trade show and event marketing. |
| 260 | 0 | 0 | |a Mason, Ohio: |b Thomson, |c 2005. |
| 300 | # | # | |a 340 p. |
| 650 | 0 | 0 | |a Trade shows -- |x Handbooks, manuals .etc |
| 650 | 0 | 0 | |a Congresses and conventions -- |x Planning -- |x Handbooks, manuals, etc |
| 999 | |a B000026410 |b Book |c Book |e Business Information Centre | ||


